Un beso frío y otros cuentos bogotanos / (Registro nro. 3318)

Detalles MARC
000 -LEADER
fixed length control field 01215nam a2200253Ia 4500
003 - CONTROL NUMBER IDENTIFIER
control field OSt
005 - DATE AND TIME OF LATEST TRANSACTION
control field 20200917221309.0
008 - FIXED-LENGTH DATA ELEMENTS--GENERAL INFORMATION
fixed length control field 191128t2000 ck gr 000 0 spa d
020 ## - INTERNATIONAL STANDARD BOOK NUMBER
International Standard Book Number 9588232570
040 ## - CATALOGING SOURCE
Original cataloging agency CO-JMCR
Transcribing agency CO-JMCR
041 0# - LANGUAGE CODE
Language code of text/sound track or separate title spa
082 04 - DEWEY DECIMAL CLASSIFICATION NUMBER
Classification number 808.543 /
Item number S944u
Edition number 23
100 1# - MAIN ENTRY--PERSONAL NAME
Personal name Suescún, Nicolás,
Relator term autor
9 (RLIN) 10454
245 10 - TITLE STATEMENT
Title Un beso frío y otros cuentos bogotanos /
Statement of responsibility, etc. Nicolás Suescún, Luis Fayad, Mauricio Reyes Posada, [y otros 5]
260 ## - PUBLICATION, DISTRIBUTION, ETC.
Place of publication, distribution, etc. Bogotá :
Name of publisher, distributor, etc. Alcaldía Mayor de Bogotá ; Instituto Distrital Cultural y Turismo (IDARTES),
Date of publication, distribution, etc. ©2000
300 ## - PHYSICAL DESCRIPTION
Extent 131 páginas ;
Dimensions 17 cm.
490 0# - SERIES STATEMENT
Series statement Libro al viento
505 0# - FORMATTED CONTENTS NOTE
Title El amigo de Mario /
Statement of responsibility Nicolás Suescún
Title Hasta mañana por la noche /
Statement of responsibility Luis Fayad
Title Casimiro mire Casimiro /
Statement of responsibility Mauricio Reyes Posada
Title Un editor pirata /
Statement of responsibility Roberto Rubiano Vargas
Title Historia familiar /
Statement of responsibility Julio Paredes
Title Un beso frío /
Statement of responsibility Evelio José Rosero
Title La vida está llena de cosas así /
Statement of responsibility Santiago Gamboa
Title Querida señora /
Statement of responsibility Ricardo Silva Romero
650 14 - SUBJECT ADDED ENTRY--TOPICAL TERM
Topical term or geographic name entry element Poesía colombiana
9 (RLIN) 10455
650 14 - SUBJECT ADDED ENTRY--TOPICAL TERM
Topical term or geographic name entry element Literatura colombiana
9 (RLIN) 10456
700 1# - ADDED ENTRY--PERSONAL NAME
Personal name Fayad, Luis,
Relator term autor
9 (RLIN) 10457
700 1# - ADDED ENTRY--PERSONAL NAME
Personal name Reyes Posada, Mauricio,
Relator term autor
9 (RLIN) 10458
942 ## - ADDED ENTRY ELEMENTS (KOHA)
Source of classification or shelving scheme Dewey Decimal Classification
Koha item type Books
Existencias
Withdrawn status Lost status Source of classification or shelving scheme Damaged status Not for loan Collection code Home library Current library Date acquired Source of acquisition Full call number Barcode Date last seen Copy number Koha item type
    Dewey Decimal Classification     Non-fiction Biblioteca Pública José María del Castillo y Rada Biblioteca Pública José María del Castillo y Rada 01/22/2018 Donación 808.543 / S944u 201801213 11/28/2019 Ej.1 Books